| 000 | 00885nam a2200265 i 4500 | ||
|---|---|---|---|
| 001 | bg | ||
| 100 | 1 | _aGOŹLIŃSKA, Elżbieta | |
| 245 | 1 | 0 |
_aMaszyny elektryczne : _bpodręcznik dla technikum / _cElżbieta Goźlińska. |
| 250 | _aWyd. 4. | ||
| 260 |
_aWarszawa : _bWydawnictwa Szkolne i Pedagogiczne, _c[2002]. |
||
| 300 |
_a435, [1] s. : _bil. ; _c24 cm. |
||
| 490 | 1 |
_aBiblioteka Elektryka ; _v7a |
|
| 504 | _aBibliogr., normy. Indeks. | ||
| 650 | 9 | _aMaszyny elektryczne | |
| 655 | _aPodręczniki dla szkół zawodowych | ||
| 830 | _aBiblioteka Elektryka ; | ||
| 020 | _a8302069973 | ||
| 040 | _cBPK | ||
| 041 | 0 | _apol | |
| 080 | _a621.313(075.3.053.7) | ||
| 920 | _a83-02-06997-3 | ||
| 942 | _cKS | ||
| 008 | s pl f |000 0 pol | ||
| 999 |
_c42810 _d42810 |
||
| 856 |
_uhttp://koha.tu.koszalin.pl/cgi-bin/koha/opac-detail.pl?biblionumber=42810 _yKatalog online BPK |
||